MDQL
is popping MORE tags! Check the
thread
!
Quizzes
Events
Quiz Creation
Community
Videos
Private Events
Remove Ads
Sign In
Join for FREE
Feedback
Dark Mode
Quiz Categories
Sports
Geography
Music
Movies
Television
Just For Fun
Miscellaneous
History
Literature
Language
Science
Gaming
Entertainment
Religion
Holiday
For Kids
Quiz Lab
Recent
Popular Today
Quiz Kudos Today
Editor Picks
Curator Picks
Quizzes by...
Day
Popularity
Type
Ratings
Length
Year
Community
Subscriptions
Recent Discussions
Orange Saloon
Badges
Playlists
Quests
Create
Leaderboards
Showdown
Live 5
Trivia Bingo
Activity
Puzzle Library
Sporcle Events
Private Events
Virtual Trivia
Globe League
Become a Host
Pub Owners
SporcleCon
Opinionation
Our Games
Videos
Blog
Mobile Apps
Partnerships
Remove Ads and Go Orange
Feedback
Sports
Athletes
MLB
NBA
NHL
NFL
Soccer
Sports Teams
WWE
NCAA
Football
Premier League
Basketball
Baseball
Hockey
Golf
Tennis
Cricket
Rugby
Auto Racing
Olympics
World Cup
Sports
Athletes
MLB
NBA
NHL
NFL
Soccer
Sports Teams
WWE
NCAA
Football
Premier League
Basketball
Baseball
Hockey
Golf
Tennis
Cricket
Rugby
Auto Racing
Olympics
World Cup
Random Quiz
Search Sporcle
×
Quiz Lab
Quiz Lab
Sports
Hitter
Type in answers that appear in a list
Type in answers that appear in a list
Classic
Best Score? Go Orange.
Baltimore Orioles Leadoff Hitters (2000-2016) Stats
Name the Orioles' most common leadoff hitters from 2000 to 2016.
By
thonchel
5m
21 Questions
43 Plays
43 Plays
43 Plays
Comments
Comments
Give Quiz Kudos
Give Quiz Kudos
-
- Ratings
hide this ad
Replay
Link that replays current quiz
Next Quiz
Link to next quiz in quiz playlist
You Got
0%
They Got
Avg Score
38%
Avg Friend Score
Upgrade to see
Score Distribution
Jump to the score distribution portion of the page
Score
0/21
Timer
05:00
0
Plays Today
Seasons
Player
% Correct
2008-
2016
Adam Jones
95.3%
2006-
2014
Nick Markakis
90.7%
2001-
2013
Brian Roberts
88.4%
2012-
2016
Manny Machado
88.4%
2011-
2016
J.J. Hardy
76.7%
2000-
2009
Melvin Mora
65.1%
2012-
2013
Nate McLouth
51.2%
2009-
2012
Robert Andino
48.8%
2009-
13,15-
16
Nolan Reimold
44.2%
2006-
07,10
Corey Patterson
39.5%
2009-
2011
Felix Pie
37.2%
Seasons
Player
% Correct
2016
Joey Rickard
34.9%
2000-
2004
Jerry Hairston
30.2%
2006-
2008
Brandon Fahey
9.3%
2010
Julio Lugo
4.7%
2004-
2006
David Newhan
4.7%
2014-
2015
Alejandro De Aza
2.3%
2012
Endy Chavez
2.3%
2011
Matt Angle
0%
2012
Xavier Avery
0%
2005
Bernie Castro
0%
Quiz Playlist
Details
Report
Send in Message
Add To Playlist
Classic:
Type in answers that appear in a list
Last Updated: Jun 27, 2017
Quiz Scoreboard
CHALLENGE
Sign Up to Join the Scoreboard
Show All
Scores
Hide
Comments
May contain spoilers
Recently Published
1-10 Letter E Words III
by El_Dandy
Language
2m
Street Fighter Characters
by Artimus82
Gaming
60s
College Basketball Coaching Resumes
by pancakes188
Sports
9m
More to Explore
Quiz From the Vault
Featured Blog Post
Where Did the Easter Bunny Come From?
hide this ad
You Might Also Like...
Tags
Baltimore Orioles
Hitter
Today's Top Quizzes in Sports
Browse Sports
hide this ad
Today's Top Quizzes in Hitter
Browse Hitter
Top Contributed Quizzes in Sports
1
2022 World Cup Stars
2
Les meilleurs buteurs des matchs entre le PSG et l’OM
3
FIFA Club World Cup Champions
4
Les entraîneurs de l'OM et du PSG au 21e siècle
5
Criteria MLB: Left Handed Sluggers
6
2023 MLB Unique Player Accomplishments
7
AFC Teams Reveal (Wrong Answers Minefield)
8
Players with Multiple 50 Home Run Seasons
9
5-to-1: FBS Animal Nicknames
10
5-to-1: UK Sports Teams
Explore More
Trending Topics
Crossword
Harry Potter
Anime
Disney
Marvel
NBA
Kpop
Soccer
Country
Pokémon
NFL
Puzzle
WWE
Song
The Office
hide this ad
More By:
thonchel
Quiz
Plays
Rating
Category
Featured
Created
Baltimore Orioles 20 HR Seasons (2000-2016)
84
4.00
Sports
Jun 27, 2017
Baltimore Orioles Rookie HRs
69
Sports
Jun 25, 2017
Baltimore Orioles Leadoff Hitters (2000-2016)
43
Sports
Jun 27, 2017
Baltimore Orioles Pitchers under Buck Showalter
40
Sports
Jun 27, 2017
Baltimore Orioles Cleanup Hitters (2000-2016)
37
Sports
Jun 27, 2017
Go to Creator's Profile
Score Distribution
Quiz Creator Spotlight
thonchel
Follow
Send a Message
Quizzes Created
-
Created Quiz Play Count
-
More By This Creator
Popular Quizzes Today
1
Find the US States - No Outlines Minefield
2
Find the Countries of Europe - No Outlines Minefield
3
Find the US States
4
The Countries of the World
5
Risky Map Clicking: Biggest States A-Z
6
US States
7
Popular People in 1961
8
Movies - When Are They Set?
More Sports Quizzes
Click the Copa Libertadores Logos
Curator's Pick
Trending Quizzes
Risky Map Clicking: Least Populous States A-Z
1-10 Letter G Words
Countries of the World: 200 Million BC
1-10 Letter F Words
Risky Map Clicking: Next State Alphabetically
Recently Updated
Rides in Walt Disney World
pecheneg
Most Oscar Losses (Acting)
pecheneg
Beyoncé Albums
pecheneg
Leaping Animals
pecheneg
Reality TV Shows (A-Z)
bhenderson79
Rickey Henderson's Hall of Fame Teammates
pecheneg
Champions League XIs: Arsenal
pecheneg
Quick Pick: Celebrities in WWE's Hall of Fame
aduchscher
A-Z Keypad Blitz II
pecheneg
Trending Topics
Marvel
NBA
Kpop
Harry Potter
Disney
Crossword
Anime
NFL
WWE
Song
The Office
Puzzle
Country
Soccer
Pokémon
Your Account Isn't Verified!
In order to create a playlist on Sporcle, you need to verify the email address you used during registration. Go to your
Sporcle Settings
to finish the process.
Report this User
Report this user for behavior that violates our
Community Guidelines
.
Details:
Send Report
Go to the Sporcle.com Mobile Site →
Comments